| 000 | 00993nam a2200265 a 4500 | ||
|---|---|---|---|
| 001 | 000039288 | ||
| 005 | 20240301073829.0 | ||
| 008 | 130621s2012 dr ac 001 0 spa d | ||
| 020 | _a9789945165258 | ||
| 040 |
_aDO-SdBNP _bspa _cBNPHU |
||
| 082 |
_a790.0980 _bN714p |
||
| 100 | 1 |
_aNina Gómez, Carlos _96492 |
|
| 245 | 1 | 3 |
_aLa prensa deportiva de América Latina y el Caribe : _b¿avanza o retrocede? / _cCarlos Nina Gómez ; prólogo Tony Raful. |
| 260 |
_aSanto Domingo : _bBúho, _c2012. |
||
| 300 |
_a265 p. : _bil., retrs. ; _c23 cm. |
||
| 500 | _aIncluye datos biográficos del autor en la solapa de la cubierta. | ||
| 504 | _aBibliografía : p. 265 | ||
| 590 | _aInventariado, 2018/LP | ||
| 650 | 4 |
_aDeportes _xEnsayos, conferencias, etc. _918280 |
|
| 650 | 4 |
_aDeportes _xHistoria _zAmerica Latina _965482 |
|
| 650 | 4 |
_aPeriodismo deportivo _96910 |
|
| 650 | 4 |
_aCrónica deportiva _96911 |
|
| 700 | 1 |
_aRaful, Tony, _d1951- _epról. _91377 |
|
| 910 | _aValidado. Control de calidad EMS | ||
| 999 |
_c38778 _d38778 |
||